| Record ID | ia:completebookofho0000kasp |
| Source | Internet Archive |
| Download MARC XML | https://archive.org/download/completebookofho0000kasp/completebookofho0000kasp_marc.xml |
| Download MARC binary | https://www.archive.org/download/completebookofho0000kasp/completebookofho0000kasp_meta.mrc |
LEADER: 02285cam a2200553 a 4500
001 1001882163
003 OCoLC
005 20151005064215.0
008 010130r20011985nyua b 001 0 eng
010 $a2001017388
020 $a0486415805 (pbk.)
020 $a9780486415802 (pbk.)
029 1 $aNLGGC$b240104404
029 1 $aNZ1$b6076158
029 1 $aAU@$b000022280123
035 $a1001882163
035 $a(OCoLC)45888763
037 $aBRO-cust20140813-054
040 $aDLC$cDLC$dOCLCQ$dBAKER$dBTCTA$dUBA$dYDXCP$dOCLCG$dSFR$dUtOrBLW
049 $aSFRA
050 00 $aQC449$b.K37 2001
082 00 $a774/.01/53$221
092 $a774.0153$bK153c 2001
100 1 $aKasper, Joseph E.$q(Joseph Emil),$d1920-2001
240 10 $aHologram book
245 14 $aThe complete book of holograms :$bhow they work and how to make them /$cJoseph E. Kasper and Steven A. Feller.
246 30 $aHolograms
250 $aDover ed.
260 $aMineola, N.Y. :$bDover Publications,$c2001.
300 $aviii, 216 p. :$bill. ;$c24 cm
336 $atext$btxt$2rdacontent
337 $aunmediated$bn$2rdamedia
338 $avolume$bnc$2rdacarrier
500 $aOriginally published: The hologram book. Englewood Cliffs, N.J. : Prentice-Hall, Inc., 1985. Appendix II: Some sources of materials and information has been updated.
504 $aIncludes bibliographical references and index.
650 0 $aHolography.
700 1 $aFeller, Steven A.
856 42 $3Publisher description$uhttp://www.loc.gov/catdir/description/dover031/2001017388.html
907 $a.b21665540$b11-21-18$c08-22-08
998 $axam$b11-25-08$cm$da $e-$feng$gnyu$h4$i11
957 00 $aOCLC reclamation of 2017-18
907 $a.b21665540$b04-04-15$c08-22-08
956 $aPre-reclamation 001 value: ocm45888763
980 $a1108 sh
998 $axam$b11-25-08$cm$da$e-$feng$gnyu$h4$i11
994 $aC0$bSFR
999 $yMARS
945 $a774.0153$bK153c 2001$d - - $e08-19-2018 13:14$f0$g0$h08-26-18$i31223108197493$j503$0508$k - - $lxamci$o-$p$12.95$q $r-$s- $t1$u4$v3$w1$x1$y.i78534203$z08-13-14
945 $a774.0153$bK153c 2001$d - - $e09-18-2015 17:37$f0$g0$h10-09-15$i31223108200792$j321$0503$k - - $lxamci$o-$p$12.95$q $r-$s- $t1$u1$v1$w0$x0$y.i78534227$z08-13-14